ბათუმის შოთა რუსთაველის სახელმწიფო უნივერსიტეტის ბიბლიოთეკა

კითხვის სწავლების ტექნიკები და სტრატეგიები. (ბიბ.ჩანაწერი № 43921)

000 -LEADER
fixed length control field 00768nam a2200229Ia 4500
001 - CONTROL NUMBER
control field 10670
003 - CONTROL NUMBER IDENTIFIER
control field GE_BSU
008 - FIXED-LENGTH DATA ELEMENTS--GENERAL INFORMATION
fixed length control field 181216s||||||||xx |||||||||||||| ||und||
020 ## - INTERNATIONAL STANDARD BOOK NUMBER
International Standard Book Number 9789941918933
040 ## - CATALOGING SOURCE
Transcribing agency GE_BSU
080 ## - UNIVERSAL DECIMAL CLASSIFICATION NUMBER
Universal Decimal Classification number 37.016(072):003
100 ## - MAIN ENTRY--PERSONAL NAME
Personal name ღამბაშიძე,ნინო.
245 ## - TITLE STATEMENT
Title კითხვის სწავლების ტექნიკები და სტრატეგიები.
260 ## - PUBLICATION, DISTRIBUTION, ETC.
Place of publication, distribution, etc. თბილისი.
260 ## - PUBLICATION, DISTRIBUTION, ETC.
Name of publisher, distributor, etc. არტლაინსი.
260 ## - PUBLICATION, DISTRIBUTION, ETC.
Date of publication, distribution, etc. 2011.
300 ## - PHYSICAL DESCRIPTION
Extent 100გვ;25სმ.
300 ## - PHYSICAL DESCRIPTION
Accompanying material ილ.
653 ## - INDEX TERM--UNCONTROLLED
Uncontrolled term კითხვის სწავლების ტექნიკები და სტრატეგიები.
942 ## - ADDED ENTRY ELEMENTS (KOHA)
Koha item type წიგნი
ეგზემპლარები
Withdrawn status Lost status Damaged status Not for loan Date acquired Barcode Date last seen Price effective from Koha item type Public note
        2018-12-17 34835 2018-12-17 2018-12-17 წიგნი  
        2018-12-17 34836 2018-12-17 2018-12-17 წიგნი  
        2018-12-17 34837 2018-12-17 2018-12-17 წიგნი  
        2018-12-17 34838 2018-12-17 2018-12-17 წიგნი  
        2018-12-17 34839 2018-12-17 2018-12-17 წიგნი  
        2018-12-17 34840 2018-12-17 2018-12-17 წიგნი  
        2018-12-17 34841 2018-12-17 2018-12-17 წიგნი  
        2018-12-17 34842 2018-12-17 2018-12-17 წიგნი  
        2018-12-17 34843 2018-12-17 2018-12-17 წიგნი  
        2018-12-17 34844 2018-12-17 2018-12-17 წიგნი  
        2018-12-17 47596 2018-12-17 2018-12-17 წიგნი 13ლ.80თ.
        2018-12-17 47597 2018-12-17 2018-12-17 წიგნი 13ლ.80თ.
        2018-12-17 47598 2018-12-17 2018-12-17 წიგნი 13ლ.80თ
        2018-12-17 47599 2018-12-17 2018-12-17 წიგნი 13ლ.80თ
        2018-12-17 47600 2018-12-17 2018-12-17 წიგნი 13ლ.80თ
        2018-12-17 47601 2018-12-17 2018-12-17 წიგნი 13ლ.80თ
        2018-12-17 47602 2018-12-17 2018-12-17 წიგნი 13ლ.80თ
        2018-12-17 47603 2018-12-17 2018-12-17 წიგნი 13ლ.80თ
        2018-12-17 47604 2018-12-17 2018-12-17 წიგნი 13ლ.80თ
        2018-12-17 47605 2018-12-17 2018-12-17 წიგნი 13ლ.80თ